Logistická strategie - řízení poptávky a zásob

Procesy logistického reťazca. Stratégia logistického reťazca. Integrácia v rámci logistického reťazca. Riadenie a doplňovanie zásob. Outsourcing - externé zaisťovanie aktivít v rámci logistického reťazca. Dôležitosť informačných technológií pre riadenie logistického reťazca.

Na minha lista:
Detalhes bibliográficos
Autor principal: Jurová, Marie
Formato: Capítulo de Livro
Idioma:tcheco
Assuntos:
Tags: Adicionar Tag
Sem tags, seja o primeiro a adicionar uma tag!

MARC

LEADER 00000naa$a2200000$$$4500
001 0004270
005 20231003123729.5
041 0 |a cze 
044 |a CZ 
245 1 0 |a Logistická strategie - řízení poptávky a zásob  |c aut. Marie Jurová 
520 |a Procesy logistického reťazca. Stratégia logistického reťazca. Integrácia v rámci logistického reťazca. Riadenie a doplňovanie zásob. Outsourcing - externé zaisťovanie aktivít v rámci logistického reťazca. Dôležitosť informačných technológií pre riadenie logistického reťazca. 
610 2 0 |a logistika 
610 2 0 |a stratégia logistická 
610 2 0 |a dopyt 
610 2 0 |a zásoby 
610 2 0 |a riadenie zásob 
610 2 0 |a reťazce logistické 
610 2 0 |a technológie informačné 
100 1 |a Jurová, Marie